000 00470nab a2200181 a 4500
001 18200
003 45708
005 20201118095714.0
008 ||||||n9999 ||| || ||
245 0 _aNuevo reto para todos los colombianos: la constituyente educativa
300 _app. 24-25
562 _e0
650 _aANALISIS
650 _aPARTICIPACIÓN CIUDADANA
650 _aSERVICIOS EDUCATIVOS
773 _018189
_aCien Dias - Vol.5 No.17
942 _cSART
999 _c18200
_d18200